Stadtteilquiz Berlin - Statistiken

Allgemein
  • Dieses Quiz wurde 309 mal gespielt
  • Das Durchschnittsergebnis liegt bei 29 aus 97
Antworten auf der Karte
Die Antworten werden auf der Karte rot bzw. grün angezeigt, abhängig davon wie oft sie richtig erraten wurden.
 
Antwortstatistiken
Group Antwort % Korrekt
Mitte Mitte
89%
Friedrichshain-Kreuzberg Kreuzberg
84%
Neukölln Neukölln
82%
Spandau Spandau
79%
Charlottenburg-Wilmersdorf Charlottenburg
78%
Marzahn-Hellersdorf Marzahn
72%
Friedrichshain-Kreuzberg Friedrichshain
71%
Treptow-Köpenick Köpenick
70%
Pankow Pankow
69%
Tempelhof-Schöneberg Tempelhof
65%
Tempelhof-Schöneberg Schöneberg
63%
Charlottenburg-Wilmersdorf Wilmersdorf
63%
Treptow-Köpenick Alt-Treptow
60%
Pankow Prenzlauer Berg
59%
Mitte Wedding
59%
Lichtenberg Lichtenberg
57%
Marzahn-Hellersdorf Hellersdorf
56%
Steglitz-Zehlendorf Zehlendorf
56%
Reinickendorf Tegel
53%
Steglitz-Zehlendorf Steglitz
52%
Reinickendorf Reinickendorf
51%
Mitte Tiergarten
48%
Steglitz-Zehlendorf Wannsee
47%
Mitte Moabit
44%
Charlottenburg-Wilmersdorf Grunewald
44%
Mitte Gesundbrunnen
43%
Steglitz-Zehlendorf Lichterfelde
42%
Neukölln Rudow
35%
Charlottenburg-Wilmersdorf Westend
33%
Lichtenberg Alt-Hohenschönhausen
31%
Lichtenberg Neu-Hohenschönhausen
31%
Pankow Weißensee
31%
Tempelhof-Schöneberg Mariendorf
30%
Neukölln Gropiusstadt
29%
Tempelhof-Schöneberg Lichtenrade
28%
Treptow-Köpenick Adlershof
25%
Pankow Buch
25%
Tempelhof-Schöneberg Marienfelde
25%
Spandau Siemensstadt
25%
Treptow-Köpenick Altglienicke
24%
Neukölln Britz
24%
Steglitz-Zehlendorf Dahlem
23%
Treptow-Köpenick Niederschöneweide
23%
Treptow-Köpenick Oberschöneweide
23%
Spandau Gatow
22%
Tempelhof-Schöneberg Friedenau
21%
Mitte Hansaviertel
21%
Reinickendorf Märkisches Viertel
21%
Steglitz-Zehlendorf Nikolassee
21%
Spandau Staaken
21%
Reinickendorf Wittenau
21%
Neukölln Buckow
20%
Treptow-Köpenick Grünau
20%
Pankow Karow
20%
Spandau Kladow
20%
Steglitz-Zehlendorf Lankwitz
19%
Lichtenberg Rummelsburg
19%
Marzahn-Hellersdorf Kaulsdorf
18%
Marzahn-Hellersdorf Mahlsdorf
18%
Marzahn-Hellersdorf Biesdorf
17%
Charlottenburg-Wilmersdorf Charlottenburg-Nord
17%
Pankow Französisch Buchholz
17%
Treptow-Köpenick Friedrichshagen
17%
Reinickendorf Frohnau
17%
Lichtenberg Friedrichsfelde
16%
Pankow Heinersdorf
16%
Steglitz-Zehlendorf Schlachtensee
16%
Charlottenburg-Wilmersdorf Schmargendorf
16%
Treptow-Köpenick Baumschulenweg
15%
Charlottenburg-Wilmersdorf Halensee
15%
Spandau Haselhorst
15%
Lichtenberg Karlshorst
14%
Lichtenberg Malchow
14%
Pankow Stadtrandsiedlung Malchow
14%
Pankow Blankenburg
13%
Pankow Blankenfelde
13%
Reinickendorf Heiligensee
13%
Reinickendorf Hermsdorf
13%
Treptow-Köpenick Johannisthal
13%
Pankow Niederschönhausen
13%
Treptow-Köpenick Rahnsdorf
13%
Spandau Falkenhagener Feld
12%
Treptow-Köpenick Plänterwald
12%
Lichtenberg Falkenberg
11%
Spandau Hakenfelde
11%
Reinickendorf Lübars
11%
Treptow-Köpenick Müggelheim
11%
Reinickendorf Waidmannslust
11%
Spandau Wilhelmstadt
11%
Pankow Rosenthal
10%
Treptow-Köpenick Schmöckwitz
10%
Pankow Wilhelmsruh
10%
Treptow-Köpenick Bohnsdorf
8%
Lichtenberg Fennpfuhl
8%
Lichtenberg Wartenberg
8%
Reinickendorf Borsigwalde
7%
Reinickendorf Konradshöhe
7%
Keine übereinstimmenden Quizze gefunden
Verteilung der Resultate
Anzahl Personen mit jedem Resultat
Perzentil nach korrekt beantworteten Fragen
Ihre Resultats-Entwicklung
Sie haben dieses Quiz noch nicht gespielt